| 000 | 00896nam a2200253 i 4500 | ||
|---|---|---|---|
| 003 | IT-RoINE | ||
| 005 | 20200723103939.0 | ||
| 008 | 191202s2019 sp |r|||| 000 | spa d | ||
| 020 | _a9788483539583 | ||
| 040 |
_aSpMaBN _cSpMaBN IT-RoINE _dIT-RoINE |
||
| 100 | 1 |
_93504 _aBerzosa Martínez, Raúl, _cObispo de Ciudad Rodrigo, _d1957- |
|
| 245 | 1 | 1 |
_a¡Déjate sorprender por tu Dios y por los hermanos! : _bel arte de vivir como resucitados / _cRaúl Berzosa Martínez. |
| 260 |
_aBurgos : _bMonte Carmelo, _cD.L. 2019. |
||
| 300 |
_a210 p. ; _c21cm. |
||
| 336 |
_aTexto _2rdacontent |
||
| 337 |
_2rdamedia _aunmediated |
||
| 338 |
_2rdacarrier _avolume |
||
| 490 | 1 | _aLa otra mirada | |
| 504 | _aIncluye referencias bibliográficas en nota. | ||
| 600 | 0 | 4 |
_952139 _aJesucristo _xResurrección _xMeditaciones |
| 650 | 4 |
_aVida espiritual _92578 |
|
| 830 | 0 |
_967903 _aOtra mirada |
|
| 942 | _cMTS | ||
| 999 |
_c34590 _d34590 |
||